The green book /

Bibliographic Details
Main Author: Qaddafi, Muammar
Format: Book
Language:English
Arabic
Published: London : Martin, Brian & O'Keeffe, 1976-
Subjects:

MARC

Tag First Indicator Second Indicator Subfields
LEADER 00000cam a2200000 i 4500
001 in00000621663
005 20240403121021.0
008 770603m19769999enka j 000 0 eng
010 |a  77362052  
015 |a GB8221787  |2 bnb 
016 7 |a 006738855  |2 Uk 
019 |a 3069861  |a 1270585252  |a 1271380989 
020 |a 0856164100  |q (v. 1) 
020 |a 9780856164101  |q (v. 1) 
029 1 |a AU@  |b 000000871222 
029 1 |a AU@  |b 000002503597 
029 1 |a GEBAY  |b 118900 
029 1 |a NLGGC  |b 782361331 
029 1 |a NZ1  |b 3315610 
029 1 |a UKMGB  |b 006738855 
029 1 |a AU@  |b 000072251569 
035 |a (OCoLC)ocm03031137  
035 |a (OCoLC)3031137  |z (OCoLC)3069861  |z (OCoLC)1270585252  |z (OCoLC)1271380989 
035 |a (OCoLC)ocm03031137  
040 |a DLC  |b eng  |c DLC  |d BTCTA  |d LOA  |d AAA  |d GEBAY  |d OCLCQ  |d OCLCF  |d OCLCO  |d OCLCQ  |d OCL  |d OCLCQ  |d PHUST  |d L2U  |d OCLCQ  |d OCLCO  |d OCLCQ  |d EUM  |d UKMGB  |d OCLCO  |d OCL  |d OCLCL 
041 0 |a eng  |a ara 
043 |a f-ly--- 
050 0 0 |a DT236  |b .Q244413 
050 1 4 |a JA66 
080 |a 33 
082 0 0 |a 320.5/31  |2 20 
100 1 |a Qaddafi, Muammar. 
240 1 0 |a Kitāb al-akhḍar.  |l English & Arabic 
245 1 4 |a The green book /  |c by Muammar al-Qadhafi. 
260 |a London :  |b Martin, Brian & O'Keeffe,  |c 1976- 
300 |a volumes :  |b 1 illustration ;  |c 19 cm 
336 |a text  |b txt  |2 rdacontent 
337 |a unmediated  |b n  |2 rdamedia 
338 |a volume  |b nc  |2 rdacarrier 
500 |a Added t.p.: al-Kitāb al-akhḍar. 
500 |a Arabic and English. 
505 0 |a pt. 1. The solution of the problem of democracy.--pt. 2. The solution of the economic problem. 
651 0 |a Libya  |x Politics and government  |y 1969-2011. 
650 1 |a Economics. 
651 4 |a Libya. 
650 7 |a Politics and government  |2 fast  |0 (OCoLC)fst01919741 
651 7 |a Libya.  |2 fast  |0 (OCoLC)fst01205534  |1 https://id.oclc.org/worldcat/entity/E39QbtfRFgDcxjjgjt9WFqyvxc 
600 1 7 |a Qad̲d̲āfī, Muʻammar al-  |2 swd 
648 7 |a 1969-2011  |2 fast 
653 |a Politics 
653 |a Economics 
740 0 |a Kitāb al-akhḍar. 
758 |i has work:  |a The green book (Work)  |1 https://id.oclc.org/worldcat/entity/E39PCFRc86qp4VdVjd7TVyJPw3  |4 https://id.oclc.org/worldcat/ontology/hasWork 
776 0 8 |i Online version:  |a Qaddafi, Muammar.  |s Kitāb al-akhḍar. English & Arabic.  |t Green book.  |d London : Martin, Brian & O'Keeffe, 1976-  |w (OCoLC)651869943 
938 |a Baker and Taylor  |b BTCP  |n 77362052  |c £1.25 (v. 1) 
948 |h HELD BY TXA - 109 OTHER HOLDINGS 
994 |a Z0  |b TXA 
999 f f |s c01b76fe-3138-34c4-803f-b7623126bb25  |i fce221ac-84c4-32ce-bef3-473b673e4c1b  |t 0 
952 f f |p ric  |a Texas A&M University  |b Rellis Campus  |c Joint Library Facility  |d Remote Storage  |t 0  |e DT236 .Q244413  |h Library of Congress classification  |i unmediated -- volume  |k pt.2  |m A14802089984 
952 f f |p ric  |a Texas A&M University  |b Rellis Campus  |c Joint Library Facility  |d Remote Storage  |t 0  |e DT236 .Q244413  |h Library of Congress classification  |i unmediated -- volume  |k pt.1  |m A14802089976 
998 f f |a DT236 .Q244413  |s pt.1-pt.2  |t 0  |l Remote Storage